Controllingová koncepce
Vysvetlenie pojmu controlling. Teoretická koncepcia controllingu, funkcie, organizácia controllingu. Empirický výskum úloh controllingu - Rakúsko, SRN, Francúzsko, USA, Slovensko, Poľsko, Česko.
Guardado en:
| Autor principal: | |
|---|---|
| Formato: | Capítulo de libro |
| Lenguaje: | checo |
| Materias: | |
| Etiquetas: |
Sin Etiquetas, Sea el primero en etiquetar este registro!
|
MARC
| LEADER | 00000naa$a2200000$$$4500 | ||
|---|---|---|---|
| 001 | 0023513 | ||
| 005 | 20221128113043.3 | ||
| 041 | 0 | |a cze | |
| 044 | |a SK | ||
| 245 | 1 | 0 | |a Controllingová koncepce |c Ladislav Šiška |
| 520 | |a Vysvetlenie pojmu controlling. Teoretická koncepcia controllingu, funkcie, organizácia controllingu. Empirický výskum úloh controllingu - Rakúsko, SRN, Francúzsko, USA, Slovensko, Poľsko, Česko. | ||
| 610 | 2 | 0 | |a kontroling |
| 610 | 2 | 0 | |a koncepcie |
| 610 | 2 | 0 | |a riadenie podnikové |
| 100 | 1 | |a Šiška, Ladislav | |